Group dynamics in the language classroom
Guardat en:
| Autors principals: | , |
|---|---|
| Format: | Llibre |
| Idioma: | anglès |
| Publicat: |
Cambridge
Cambridge University
2003
|
| Edició: | 1a. ed |
| Col·lecció: | Cambridge Language Teaching Library
|
| Matèries: | |
| Etiquetes: |
Afegir etiqueta
Sense etiquetes, Sigues el primer a etiquetar aquest registre!
|
MARC
| LEADER | 00000nam a2200000 a 4500 | ||
|---|---|---|---|
| 001 | UCL9968 | ||
| 003 | CL-VaPUC | ||
| 008 | 040903e20030000uk |||||||||||||||||eng|d | ||
| 020 | |a 0521822769 | ||
| 082 | 0 | 4 | |a 428 |b DOR |2 21 |
| 100 | |a Dörnyei, Zoltán |e author |9 572153 | ||
| 700 | |a Murphey, Tim |e author |9 572176 | ||
| 245 | 1 | 0 | |a Group dynamics in the language classroom |
| 250 | |a 1a. ed | ||
| 300 | |a 191 p | ||
| 942 | |c BK | ||
| 945 | |d 20040903 00:00:00 |a cmena | ||
| 260 | |a Cambridge |b Cambridge University |c 2003 | ||
| 650 | 0 | |a Educación lingüística |9 306506 | |
| 650 | 0 | |a Lengua inglesa |9 318842 | |
| 650 | 0 | |a Adquisición del lenguaje |9 309032 | |
| 650 | 0 | |a Enseñanza del inglés |9 367340 | |
| 583 | |a last modification |c 20130806 04:49:59 |k Rodrigo Vera | ||
| 490 | 0 | |a Cambridge Language Teaching Library | |
| 999 | |c 310583 |d 310581 | ||
| 952 | |0 0 |1 0 |4 0 |6 428_000000000000000_DOR_2003 |7 0 |8 A |9 379206 |a BIBEDU |b BIBEDU |d 2019-11-21 |i 4059271 |o 428 DOR 2003 |p 4059271 |r 2019-11-21 |w 2019-11-21 |y BK |k LIT | ||